| 000 | 00494nam a2200181Ia 4500 | ||
|---|---|---|---|
| 003 | OSt | ||
| 005 | 20230511151824.0 | ||
| 008 | 210423s1990 xx 000 0 und d | ||
| 040 | _cAL | ||
| 041 | _aeng | ||
| 082 |
_a371.4 _223 _bPASG |
||
| 100 |
_aPASRICHA (Prem). _9103647 |
||
| 245 | _aGuidance and councelling in indian education. | ||
| 260 |
_aKottaym _bOxford University Press _c1990 |
||
| 365 |
_b15 _cINR |
||
| 906 | _acouncelling ; education. ; Guidance ; indian | ||
| 942 |
_2ddc _cBK |
||
| 999 |
_c172055 _d172055 |
||